Technischer fortschritt, einkommensverteilung und importstruktur in makroökonomischen produktionsfunktionen : gezeigt am beispiel Argentiniens /
Guardado en:
| Otros Autores: | |
|---|---|
| Formato: | Manuscrito |
| Idioma: | Spanish |
| Publicado: |
1980.
|
| Materias: | |
| Etiquetas: |
Agregar Etiqueta
Sin Etiquetas, Sea el primero en etiquetar este registro!
|
| LEADER | 01064ntm a22002655a 4500 | ||
|---|---|---|---|
| 001 | EIQ.libpla001583 | ||
| 008 | 061110s1980####gw#######bm###000#0#spa#d | ||
| 005 | 20061110182725.0 | ||
| 245 | 1 | 0 | |a Technischer fortschritt, einkommensverteilung und importstruktur in makroökonomischen produktionsfunktionen : |b gezeigt am beispiel Argentiniens / |c von Raúl Oskar Dichiara. |
| 260 | |c 1980. | ||
| 300 | |a vii, 202 p. ; |c 19 cm. | ||
| 502 | |a Tesis (doctorado)--Universität Bonn Institut für Industrie, 1980. | ||
| 500 | |a Director de tesis: Dr. F. Voigt. | ||
| 504 | |a Incluye referencias bibliográficas. | ||
| 100 | 1 | |a Dichiara, Raúl Oskar. |4 dis | |
| 700 | 1 | |4 ths | |
| 710 | 2 | |a Universität Bonn. |b Instituts für Industrie |4 dgg. | |
| 650 | 4 | |a Economía |x Progreso técnico. | |
| 650 | 4 | |a Economía |x Tesis. | |
| 650 | 4 | |a Economía |x Estructura de importación. | |
| 650 | 4 | |a Economy |x Theses. | |
| 650 | 4 | |a Economy |x Technical progress. | |
| 650 | 4 | |a Economy |x Structure of import. | |
| 040 | |a AR-BbSID |b spa |c AR-BbSID | ||
| 859 | |a AR-BbSID |b BIB. PLAPIQUI |h 338.91 |i D 549 |p 1478 | ||
